| 000 | 01036cab a2200265 4500 | ||
|---|---|---|---|
| 001 | X81743 | ||
| 008 | 090401t1997 xxu||||| |||| 00| 0 eng d | ||
| 035 | _a(Sirsi) u81743 | ||
| 041 | _aeng | ||
| 245 | _aAccess | ||
| 260 | _c1997 | ||
| 350 | _a0 | ||
| 490 |
_aEstates Gazette Case Summaries _v(1997) EGCS 134 (25/10/97) |
||
| 520 | _a"Shepherd and another v SoS Environment" CA 10 October 1997. Enforcement notice - Plaintiffs widening footpath to provide access from highway to parking area for which planning permission not required - Whether construction of means of access to one highway over another covered by class B permitted development rights. (Headnote) | ||
| 650 | _aACCESS | ||
| 650 | _aENFORCEMENT NOTICE | ||
| 650 | _aFOOTPATH | ||
| 650 | _aLEASE ACT 1990 SCH2 PART2 CLASS B | ||
| 650 | _aPERMITTED DEVELOPMENT RIGHTS | ||
| 650 | _aSHEPHERD AND ANOTHER V SOS ENVIRONMENT | ||
| 650 | _aVEHICULAR ACCESS | ||
| 690 | _aHIGHWAYS RIGHTS OF WAY AND EASEMENTS-CASE LAW | ||
| 942 | _n0 | ||
| 948 | _c29/10/1997 | ||
| 999 |
_c51533 _d51533 |
||